000
00224nam a2200097Ia 4500
008
240625s9999 xx 000 0 und d
041
_a
eng
082
_a
658.153 KEN
100
_a
KENNEDY DIANE
245
_a
LOOPHOLES OF THE RICH
999
_c
32978
_d
32978